Statistics for Guess the European Language II

Click here to take the quiz!

General Stats

  • This quiz has been taken 1,070 times
  • The average score is 7 of 10

Answer Stats

language% Correct
Trampling grazers kill seedling trees but not grasses.English
95%
La sistematica di questa numerosa famiglia è complessa.Italian
87%
Nur wenige Grasarten besitzen markige Stängel.German
78%
Ne muodostavat tärkeän energian- ja proteiininlähteen ihmisille.Finnish
73%
Elas têm uma grande importância também na agronomia.Portuguese
67%
Det stärkelserika, mjöliga fröet är inneslutet i ett slags nöt.Swedish
64%
Метлюжковыя ў прыродзе расьселеныя па ўсіх кантынэнтах, уключаючы Антарктыду.Belarusian
55%
Väčšina druhov obilnín bola vypestovaná z planých tráv juhozápadnej Ázie.Slovak
53%
Цветовите кај тревите се групирани во мали класчиња.Macedonian
50%
Šių augalų reikšmė žmogui labai didelė.Lithuanian
37%

Score Distribution

Percentile by Number Answered

Percent of People with Each Score

Your Score History

You have not taken this quiz